Enlightening Commentary into the Light of the Holy Quran (Record no. 225936)

MARC details
000 -LEADER
fixed length control field 00540nam a22001817a 4500
005 - DATE AND TIME OF LATEST TRANSACTION
control field 20221219170618.0
008 - FIXED-LENGTH DATA ELEMENTS--GENERAL INFORMATION
fixed length control field 221219b ||||| |||| 00| 0 eng d
040 ## - CATALOGING SOURCE
Transcribing agency AL
041 ## - LANGUAGE CODE
Language code of text/sound track or separate title English
082 ## - DEWEY DECIMAL CLASSIFICATION NUMBER
Edition number 23
Classification number 297.1
Item number BAGE
100 ## - MAIN ENTRY--PERSONAL NAME
Personal name Mohammad Mehdi Baghi
100 ## - MAIN ENTRY--PERSONAL NAME
9 (RLIN) 66816
245 ## - TITLE STATEMENT
Title Enlightening Commentary into the Light of the Holy Quran
260 ## - PUBLICATION, DISTRIBUTION, ETC.
Name of publisher, distributor, etc. the scientific and religious research center
Date of publication, distribution, etc. 1998
300 ## - PHYSICAL DESCRIPTION
Extent 575 p.
Other physical details HB
Dimensions 23x17 cm.
650 ## - SUBJECT ADDED ENTRY--TOPICAL TERM
Topical term or geographic name entry element Holy Quran
9 (RLIN) 66817
700 ## - ADDED ENTRY--PERSONAL NAME
Personal name BAGHI (Mohammad Mehdi)
9 (RLIN) 66818
942 ## - ADDED ENTRY ELEMENTS (KOHA)
Source of classification or shelving scheme Dewey Decimal Classification
Koha item type Donated Books
Holdings
Withdrawn status Lost status Source of classification or shelving scheme Damaged status Not for loan Collection code Home library Current library Date acquired Total Checkouts Full call number Barcode Date last seen Price effective from Koha item type Public note
    Dewey Decimal Classification     General St Aloysius Library St Aloysius Library 11/29/2014   297.1 BAGE D05329 12/19/2022 12/19/2022 Donated Books Donated by V.T. Rajshekar